000 00271nam a2200121Ia 4500
008 190216s9999||||xx |||||||||||||| ||und||
100 _aKenneth Young
245 0 _aDh Lawrence
260 _bLongmans
_c1966
300 _a55p
650 _aEnglish Literature
942 _cBK
999 _c12716
_d12716